000 00412nam a2200145Ia 4500
008 231129s2012||||xx |||||||||||||| ||spa||
020 _a978-958-8306-12-4
040 _bspa
082 _aR 728.72 C346ca
100 _aCastañeda Buraglia Antonio
245 0 _aCasa de campo en Colombia
260 _c2012
264 _aBogotá Colombia : Villegas editores
942 _2ddc
_cBKS
999 _c6751
_d6751